[Event "Ostravský koník 2014 - FIDE Open veteránù"]
[Site "Ostrava, CZE"]
[Date "2014.05.02"]
[Round "7"]
[White "LavriSin, Jan"]
[Black "TRetina, Zdenek"]
[Result "0-1"]
[WhiteElo "1620"]
[BlackElo "1740"]
[PlyCount "198"]

1. d4 d5 2. Nf3 Nf6 3. c4 e6 4. g3 b6 5. Bg2 Bb7 6. O-O Be7 7. Nc3 O-O 8. cxd5
exd5 9. Ne5 c6 10. a3 Nbd7 11. Nxd7 Qxd7 12. Bf4 h6 13. Rc1 Rac8 14. Qd2 Rfe8
15. Rfe1 Bd6 16. Bxd6 Qxd6 17. e3 Re7 18. Ne2 Ne4 19. Qc2 c5 20. dxc5 Rxc5 21.
Qd3 Rxc1 22. Rxc1 Nc5 23. Qd1 Rd7 24. Nd4 a6 25. b4 Ne6 26. Bh3 Rd8 27. Bg2 Qe5
28. Nc6 Bxc6 29. Rxc6 a5 30. Rxb6 axb4 31. Rxb4 d4 32. exd4 Nxd4 33. Qb1 Ne2+
34. Kh1 Nc3 35. Qg1 Rd1 36. Bf1 g6 37. Qg2 Kg7 38. h4 Nb1 39. Kh2 Nxa3 40. Re4
Qd5 41. Be2 Rd2 42. Re3 Qa2 43. Qf3 Nc4 44. Re7 Nd6 45. Qc3+ Kf8 46. Qe5 Qd5
47. Qxd5 Rxd5 48. Re3 Rd4 49. Rd3 Nf5 50. Kg2 Rxd3 51. Bxd3 Nd6 52. g4 Kg7 53.
Kg3 f6 54. f4 Nf7 55. Bc4 Nd6 56. Bd3 Nb7 57. f5 Nc5 58. Bc2 g5 59. h5 Kf7 60.
Kf3 Ke7 61. Ke3 Kd6 62. Kd4 Nd7 63. Bd1 Ne5 64. Be2 Nc6+ 65. Ke4 Kc5 66. Bf1
Nd4 67. Bg2 Nb3 68. Kd3 Na5 69. Kc3 Nc4 70. Kd3 Ne5+ 71. Ke4 Nxg4 72. Kf3 Ne5+
73. Kg3 Kd4 74. Bf1 Ke3 75. Bb5 Ke4 76. Ba4 Kxf5 77. Bc2+ Ke6 78. Bb3+ Kd6 79.
Bc2 Kd5 80. Bf5 Kd4 81. Bg6 Ke3 82. Bf5 Nf7 83. Kg4 Kd4 84. Bg6 Nd6 85. Bf5 Ke5
86. Bg6 f5+ 87. Kg3 Kf6 88. Kf3 Nf7 89. Bh7 Ke5 90. Bg6 Nd8 91. Be8 Ne6 92. Bf7
f4 93. Bg6 Nf8 94. Bf7 Kf5 95. Kf2 g4 96. Be8 Kg5 97. Bf7 Nh7 98. Be6 Nf6 99.
Bxg4 Kxg4 0-1

[Event "Ostravský koník 2014 - FIDE Open veteránù"]
[Site "Ostrava, CZE"]
[Date "2014.05.02"]
[Round "7"]
[White "Linart, Ludvík"]
[Black "PíSa, Lubomír"]
[Result "0-1"]
[WhiteElo "1609"]
[BlackElo "1557"]
[PlyCount "146"]

1. d4 d5 2. c4 e6 3. Nc3 Nf6 4. Bg5 Be7 5. Nf3 Nbd7 6. e3 O-O 7. Bd3 h6 8. Bxf6
Nxf6 9. O-O dxc4 10. Bxc4 a6 11. Qc2 b5 12. Be2 Bb7 13. a3 c5 14. dxc5 Bxc5 15.
b4 Ba7 16. Rfd1 Qc7 17. Rac1 Rac8 18. Qb2 Qb6 19. h3 Rfd8 20. Nd4 e5 21. Nf5
Qe6 22. Ng3 Rxd1+ 23. Rxd1 Kh7 24. Bd3+ g6 25. Bf1 Bb6 26. Rd2 Rd8 27. Rxd8
Bxd8 28. Qc2 Qc6 29. Qb3 Kg7 30. Kh2 Bc7 31. e4 Bb6 32. f3 Qd7 33. a4 bxa4 34.
Nxa4 Qd4 35. Nxb6 Qxb6 36. Qa4 h5 37. Nh1 h4 38. Qa5 Qxa5 39. bxa5 Nd7 40. Nf2
Nc5 41. Bc4 g5 42. Ng4 f6 43. Ne3 Bc8 44. Nc2 Kf8 45. Nb4 Bb7 46. g4 Ke7 47.
Nd5+ Bxd5 48. Bxd5 Kd6 49. Bc4 Nb7 50. Bxa6 Nxa5 51. Kg2 Kc5 52. Kf2 Kd4 53.
Bb5 Nb3 54. Ba6 Nc5 55. Bb5 Nd3+ 56. Kg1 Nf4 57. Kh2 Ke3 58. Bc6 Kxf3 59. Bb7
Ne2 60. Ba8 Nc3 61. Bc6 Nxe4 62. Kg1 Ke3 63. Kg2 Kf4 64. Kf1 Ng3+ 65. Kf2 e4
66. Bb5 e3+ 67. Ke1 Ne4 68. Bd3 Nc3 69. Bf1 e2 70. Bxe2 Nxe2 71. Kxe2 Kg3 72.
Ke3 Kxh3 73. Kf3 f5 0-1

[Event "Ostravský koník 2014 - FIDE Open veteránù"]
[Site "Ostrava, CZE"]
[Date "2014.05.02"]
[Round "7"]
[White "Sudolský, Jan"]
[Black "Bebek, Ivan"]
[Result "1-0"]
[WhiteElo "1546"]
[BlackElo "1375"]
[PlyCount "73"]

1. Nf3 Nf6 2. c4 e6 3. e3 b6 4. b3 Bb7 5. Bb2 Be7 6. Nc3 O-O 7. d4 Bb4 8. Bd3
d5 9. O-O Bd6 10. Nb5 Be7 11. Rc1 c5 12. dxc5 bxc5 13. Be5 a6 14. Nc7 Ra7 15.
cxd5 Bxd5 16. Nxd5 Qxd5 17. Qc2 Nc6 18. Bxf6 gxf6 19. Bxh7+ Kh8 20. Be4 Qd7 21.
Rfd1 Qc7 22. b4 f5 23. Bxc6 Qxc6 24. Qb2+ f6 25. bxc5 Rg8 26. Ne1 Raa8 27. Qb6
Rxg2+ 28. Nxg2 Qf3 29. Rd4 e5 30. Rh4+ Kg7 31. Qc7 Re8 32. Qd7 Qa8 33. c6 Kf7
34. Rh7+ Kf8 35. Rh8+ Kf7 36. Qxe8+ Qxe8 37. Rxe8 1-0

[Event "Ostravský koník 2014 - FIDE Open veteránù"]
[Site "Ostrava, CZE"]
[Date "2014.05.02"]
[Round "7"]
[White "HruSka, Stanislav"]
[Black "DiviS, Jan"]
[Result "0-1"]
[WhiteElo "1491"]
[BlackElo "1727"]
[PlyCount "124"]

1. e4 d5 2. e5 c5 3. Bb5+ Nc6 4. h3 a6 5. Bxc6+ bxc6 6. d4 e6 7. Nf3 cxd4 8.
Qxd4 h6 9. O-O Ne7 10. Nh4 g5 11. Nf3 Nf5 12. Qd3 a5 13. Re1 Ba6 14. Qd2 Bb4
15. c3 Bc5 16. Kh2 Qb6 17. Kg1 Rd8 18. b3 Ng3 19. Ba3 Bxa3 20. Nxa3 Nf5 21. Nh2
d4 22. c4 Qb4 23. Qxb4 axb4 24. Nc2 c5 25. Ng4 Bb7 26. Nf6+ Ke7 27. Red1 d3 28.
Ne3 Nxe3 29. fxe3 d2 30. Kf2 Rd3 31. a3 Ra8 32. Ke2 Rdd8 33. Rxd2 Rxd2+ 34.
Kxd2 Rxa3 35. Rc1 Rxb3 36. e4 Rb2+ 37. Rc2 Rb3 38. Ng8+ Ke8 39. Nf6+ Kd8 40.
Kc1 Ra3 41. Rd2+ Kc8 42. Kb2 Re3 43. Nd7 Rxe4 44. Nxc5 Rxe5 45. Na4 Kc7 46. Kb3
Bc6 47. Nb2 Re3+ 48. Kxb4 Rg3 49. Nd3 Rxg2 50. Rd1 Rg3 51. Ne5 f6 52. Nf7 Rxh3
53. Kc5 Be8 54. Nd6 Bc6 55. Rb1 g4 56. Rb6 Rh5+ 57. Kb4 Kxb6 58. Nf7 g3 59. Nd6
g2 60. Nc8+ Kc7 61. Ne7 g1=Q 62. Nd5+ exd5 0-1

[Event "Ostravský koník 2014 - FIDE Open veteránù"]
[Site "Ostrava, CZE"]
[Date "2014.05.02"]
[Round "7"]
[White "FiSer, Otakar"]
[Black "Kosár st., MikuláS"]
[Result "0-1"]
[WhiteElo "1610"]
[BlackElo "1731"]
[PlyCount "95"]

1. c4 c5 2. Nf3 Nc6 3. Nc3 e5 4. e3 Nf6 5. a3 d6 6. Qc2 Bg4 7. Be2 Bh5 8. d3 h6
9. O-O Be7 10. Rb1 O-O 11. b4 cxb4 12. axb4 b6 13. b5 Nb8 14. e4 Nbd7 15. h3
Nh7 16. Be3 Bxf3 17. Bxf3 Bg5 18. Nd5 Bxe3 19. fxe3 Ndf6 20. d4 Nxd5 21. exd5
exd4 22. exd4 Rc8 23. Be2 Nf6 24. Qf5 Qd7 25. Bd3 Qxf5 26. Rxf5 Rfe8 27. Rbf1
Rcd8 28. R1f3 Re7 29. g4 Nh7 30. h4 g6 31. R5f4 Kg7 32. h5 Ng5 33. Rg3 Rde8 34.
Kf2 Re1 35. hxg6 fxg6 36. c5 bxc5 37. dxc5 dxc5 38. d6 R1e6 39. b6 axb6 40. Bb5
Rd8 41. d7 Ne4+ 42. Kf3 Nxg3 43. Kxg3 Re3+ 44. Kf2 Re6 45. Bc4 Rf6 46. Rxf6
Kxf6 47. Bb5 Ke7 48. Ke3 0-1

[Event "Ostravský koník 2014 - FIDE Open veteránù"]
[Site "Ostrava, CZE"]
[Date "2014.05.02"]
[Round "7"]
[White "Sumbera, Antonín"]
[Black "Bystroò, Vladislav"]
[Result "1-0"]
[WhiteElo "1671"]
[BlackElo "1751"]
[PlyCount "47"]

1. e4 e5 2. Nf3 d6 3. Bc4 Nf6 4. O-O Bg4 5. c3 Nxe4 6. d4 Nc6 7. Re1 Nf6 8.
dxe5 Nxe5 9. Qb3 Bxf3 10. Bxf7+ Kd7 11. Qe6+ Kc6 12. Rxe5 b6 13. gxf3 Kb7 14.
Rf5 Be7 15. Bg5 h6 16. Bxf6 gxf6 17. Na3 Qf8 18. Re1 Qg7+ 19. Kh1 Rae8 20. Qe4+
Kb8 21. Bc4 Bd8 22. Qc6 Rhg8 23. f4 Qg4 24. Ba6 1-0

[Event "Ostravský koník 2014 - FIDE Open veteránù"]
[Site "Ostrava, CZE"]
[Date "2014.05.02"]
[Round "7"]
[White "ZdraZila, Jaromír"]
[Black "KRivohlávek, Josef"]
[Result "0-1"]
[WhiteElo "1547"]
[BlackElo "1500"]
[PlyCount "42"]

1. e4 e6 2. d4 d5 3. e5 c5 4. c3 Nc6 5. Nf3 Bd7 6. Be2 cxd4 7. cxd4 Nge7 8. Bg5
Qb6 9. b3 Nf5 10. Be3 Bb4+ 11. Kf1 O-O 12. a3 Be7 13. g4 Nxe3+ 14. fxe3 Rac8
15. Nbd2 f6 16. h4 fxe5 17. Kg2 exd4 18. exd4 Nxd4 19. Nxd4 Qxd4 20. Nf3 Qxg4+
21. Kf2 Bxh4+ 0-1

[Event "Ostravský koník 2014 - FIDE Open veteránù"]
[Site "Ostrava, CZE"]
[Date "2014.05.03"]
[Round "8"]
[White "Vinklarek, Vlastimil"]
[Black "Macura, Emil"]
[Result "0-1"]
[WhiteElo "1762"]
[BlackElo "1997"]
[PlyCount "118"]

1. d4 Nf6 2. c4 c5 3. d5 e5 4. Nc3 d6 5. e4 Be7 6. Be2 Na6 7. a3 Nc7 8. f4 exf4
9. Bxf4 O-O 10. Nf3 Nh5 11. Qd2 Nxf4 12. Qxf4 f6 13. O-O Qe8 14. h3 Bd7 15. Nh2
a6 16. a4 Qg6 17. Bg4 Bxg4 18. Nxg4 Qg5 19. Ne3 Qxf4 20. Rxf4 g6 21. Raf1 Rae8
22. Ng4 Kg7 23. a5 Bd8 24. Kf2 h5 25. Nh2 Re7 26. g4 Rh8 27. Kg3 Ne8 28. Ra1 g5
29. Rf5 Kg6 30. gxh5+ Rxh5 31. Rf3 Reh7 32. Kg2 Ng7 33. Ng4 f5 34. exf5+ Nxf5
35. Kh2 Rh4 36. Ne3 Nd4 37. Rg3 Nb3 38. Rf1 Nxa5 39. Nf5 Rxc4 40. Nxd6 Rb4 41.
Nde4 Rxb2+ 42. Kh1 Nc4 43. d6 Nd2 44. Rf8 Nxe4 45. Nxe4 Rd7 46. h4 Kg7 47. Rf1
Rb4 48. Rg4 Rxd6 49. Nxd6 Rxg4 50. hxg5 b5 51. Rf7+ Kg6 52. Ra7 Ra4 53. Nb7 Bb6
54. Ra8 Kxg5 55. Kg2 Kf4 56. Kf2 Ra2+ 57. Ke1 c4 58. Nd6 Ba5+ 59. Kd1 Ra1+ 0-1

[Event "Ostravský koník 2014 - FIDE Open veteránù"]
[Site "Ostrava, CZE"]
[Date "2014.05.03"]
[Round "8"]
[White "Pokora, Lubomir"]
[Black "Krouzel, Jaroslav"]
[Result "1/2-1/2"]
[WhiteElo "1892"]
[BlackElo "2135"]
[PlyCount "55"]

1. d4 f5 2. g3 Nf6 3. Bg2 d6 4. Nf3 g6 5. O-O Bg7 6. b3 O-O 7. Bb2 Ne4 8. Nbd2
Nc6 9. c4 e6 10. Qc2 Nxd2 11. Qxd2 Qf6 12. Rab1 Ne7 13. e3 g5 14. Ne1 f4 15. e4
e5 16. dxe5 dxe5 17. f3 fxg3 18. hxg3 Qb6+ 19. Qf2 Qh6 20. Ba3 Rf7 21. Rd1 Be6
22. Bc1 Qg6 23. Qe3 h6 24. Nd3 b6 25. Nb4 Bf8 26. Qe1 c6 27. Rd6 Rc8 28. Nd3
1/2-1/2

[Event "Ostravský koník 2014 - FIDE Open veteránù"]
[Site "Ostrava, CZE"]
[Date "2014.05.03"]
[Round "8"]
[White "Ludvicek, Josef"]
[Black "Briza, Jiri"]
[Result "1-0"]
[WhiteElo "1867"]
[BlackElo "1910"]
[PlyCount "81"]

1. e4 e5 2. Nc3 Nf6 3. f4 d5 4. exd5 Nxd5 5. Nxd5 Qxd5 6. fxe5 Qxe5+ 7. Qe2 Nc6
8. c3 Be7 9. Qxe5 Nxe5 10. d4 Ng4 11. Bf4 c6 12. h3 Nf6 13. Bd3 Nh5 14. Bc7 Kd7
15. Bh2 Bh4+ 16. Kd1 Ng3 17. Bxg3 Bxg3 18. Ne2 Bd6 19. Bf5+ Kc7 20. Rf1 Bxf5
21. Rxf5 Rhf8 22. Kd2 g6 23. Rf3 Rae8 24. g4 Be7 25. Kd3 Bg5 26. Ng3 Bh4 27.
Raf1 Re7 28. Ne4 h6 29. c4 b6 30. b4 a5 31. bxa5 bxa5 32. c5 f6 33. Nxf6 Bxf6
34. Rxf6 Rfe8 35. Rxg6 Re3+ 36. Kc4 Re2 37. Rf7+ Kb8 38. Rxc6 Rxa2 39. Rb6+ Kc8
40. Ra7 Ra4+ 41. Kd5 1-0

[Event "Ostravský koník 2014 - FIDE Open veteránù"]
[Site "Ostrava, CZE"]
[Date "2014.05.03"]
[Round "8"]
[White "Tejkal, Jiri"]
[Black "zlebcik, Ladislav"]
[Result "1/2-1/2"]
[WhiteElo "1942"]
[BlackElo "1889"]
[PlyCount "52"]

1. d4 d5 2. Nf3 Nf6 3. Bf4 c5 4. e3 e6 5. Nbd2 Nc6 6. c3 Qb6 7. Rb1 Bd7 8. Be2
Rc8 9. O-O Be7 10. Ne5 Qd8 11. Bd3 O-O 12. Qf3 cxd4 13. exd4 Ne8 14. Qh3 f5 15.
g4 Nxe5 16. Bxe5 g6 17. Rbe1 Nf6 18. f3 Rf7 19. Re2 Ne8 20. Rfe1 Ng7 21. c4 Bb4
22. b3 Qa5 23. Qg2 fxg4 24. fxg4 Bxd2 25. Rxd2 dxc4 26. Bxc4 Bc6 1/2-1/2

[Event "Ostravský koník 2014 - FIDE Open veteránù"]
[Site "Ostrava, CZE"]
[Date "2014.05.03"]
[Round "8"]
[White "Jamka, Bretislav"]
[Black "Lexa, Vaclav"]
[Result "0-1"]
[WhiteElo "2059"]
[BlackElo "1895"]
[PlyCount "68"]

1. d4 d5 2. c4 e6 3. Nf3 Nf6 4. g3 Be7 5. Bg2 a6 6. O-O Nbd7 7. b3 c5 8. cxd5
exd5 9. Bb2 Nb6 10. Nbd2 O-O 11. Ne5 Bf5 12. h3 Rc8 13. g4 Bd7 14. Rc1 Re8 15.
e3 Bd6 16. f4 Bb5 17. Rf2 Nfd7 18. a4 Bc6 19. Qf3 Qe7 20. a5 cxd4 21. Bxd4 Na8
22. Nxc6 Rxc6 23. Rxc6 bxc6 24. Bf1 Bb4 25. g5 Bxa5 26. Bd3 Nc7 27. e4 c5 28.
Bxg7 Bxd2 29. e5 Kxg7 30. Qh5 Nf8 31. Rxd2 c4 32. Qh6+ Kh8 33. Bf5 Nce6 34.
Rxd5 Rd8 0-1

[Event "Ostravský koník 2014 - FIDE Open veteránù"]
[Site "Ostrava, CZE"]
[Date "2014.05.03"]
[Round "8"]
[White "Korinek, Jaroslav"]
[Black "Kostal, Otakar"]
[Result "1-0"]
[WhiteElo "1810"]
[BlackElo "2008"]
[PlyCount "106"]

1. e4 d6 2. d4 Nf6 3. Nc3 g6 4. Bg5 Bg7 5. f3 c6 6. Qd2 h6 7. Be3 b5 8. a3 Qa5
9. b4 Qd8 10. a4 bxa4 11. Rxa4 Nbd7 12. Bd3 Nb6 13. Ra3 Be6 14. Nge2 Nc4 15.
Bxc4 Bxc4 16. O-O Qc7 17. Rfa1 h5 18. Nd1 O-O 19. Nb2 Bxe2 20. Qxe2 Rfb8 21. c3
Rb7 22. Nd3 Nd7 23. f4 e6 24. e5 d5 25. Nc5 Rb5 26. Qa2 Nxc5 27. dxc5 Rb7 28.
Ra6 g5 29. g3 gxf4 30. gxf4 f6 31. Qa4 fxe5 32. Rxc6 Qf7 33. Qc2 exf4 34. Rf1
Be5 35. Kh1 Qf6 36. Bd4 Bxd4 37. cxd4 Rxb4 38. Rc7 Qf5 39. Qxf5 exf5 40. Rxf4
a5 41. Rxf5 Rxd4 42. Rg5+ Kh8 43. Rxh5+ Kg8 44. c6 Rf8 45. Rg5+ Kh8 46. Rd7 Re4
47. c7 Ree8 48. Rdxd5 Rc8 49. Rd7 a4 50. Ra5 a3 51. Rxa3 Rce8 52. Rad3 Rc8 53.
Kg2 Rg8+ 1-0

[Event "Ostravský koník 2014 - FIDE Open veteránù"]
[Site "Ostrava, CZE"]
[Date "2014.05.03"]
[Round "8"]
[White "Herman, Pavel"]
[Black "Puobis, Jozef"]
[Result "0-1"]
[WhiteElo "1706"]
[BlackElo "1869"]
[PlyCount "64"]

1. e4 e5 2. Bc4 Nc6 3. c3 Nf6 4. Qe2 Na5 5. Bd3 d5 6. Bc2 Bd6 7. exd5 Nxd5 8.
d4 O-O 9. dxe5 Bxe5 10. Nf3 Bf6 11. O-O Ne7 12. Rd1 Qe8 13. Re1 Nac6 14. Nbd2
Bg4 15. Ne4 Be5 16. Neg5 Ng6 17. Qc4 Bxf3 18. Nxf3 Kh8 19. Bxg6 fxg6 20. Qh4
Qd7 21. Bg5 Bd6 22. Rad1 h6 23. Rd2 Rf7 24. a3 Raf8 25. h3 Qf5 26. Be3 Be7 27.
Qc4 Qh5 28. Rd5 Rf5 29. g4 Qxh3 30. gxf5 Qxf3 31. Bc5 Bxc5 32. Rxc5 gxf5 0-1

[Event "Ostravský koník 2014 - FIDE Open veteránù"]
[Site "Ostrava, CZE"]
[Date "2014.05.03"]
[Round "8"]
[White "Novotny, Petr"]
[Black "Perik, Alois"]
[Result "1/2-1/2"]
[WhiteElo "1661"]
[BlackElo "1838"]
[PlyCount "119"]

1. e4 c6 2. d4 d5 3. Nc3 dxe4 4. Nxe4 Bf5 5. Nf3 Bg6 6. h4 h6 7. Ng3 e6 8. h5
Bh7 9. Bd3 Bxd3 10. Qxd3 Nd7 11. Bf4 Qa5+ 12. Bd2 Bb4 13. Bxb4 Qxb4+ 14. Qc3
Qxc3+ 15. bxc3 Ngf6 16. Rb1 O-O-O 17. Nd2 Rhe8 18. f3 Nb6 19. Ne2 e5 20. Kf2 c5
21. dxc5 Rxd2 22. cxb6 axb6 23. Rhd1 Red8 24. Rxd2 Rxd2 25. Rxb6 Rxc2 26. Rb5
Nd7 27. a4 Kc7 28. Ke3 f6 29. Rb4 Nf8 30. g4 Ne6 31. Kd3 Ra2 32. Rc4+ Kd7 33.
f4 Kd6 34. fxe5+ fxe5 35. Ng3 Kd5 36. Rb4 Nc5+ 37. Ke3 Ra3 38. Kd2 Ra2+ 39. Ke3
Ra3 40. Kd2 Rxa4 41. c4+ Ke6 42. Rxa4 Nxa4 43. Ne4 b6 44. Ng3 Nc5 45. Nf5 Kf6
46. Ke3 Kg5 47. Kf3 g6 48. hxg6 Kxg6 49. Ne7+ Kg5 50. Nd5 Nd7 51. Ne3 Nf6 52.
Kg3 Ne4+ 53. Kf3 Nd6 54. Kg3 e4 55. Kh3 Nxc4 56. Nxc4 b5 57. Nd6 e3 58. Nxb5 e2
59. Nd4 h5 60. Nxe2 1/2-1/2

[Event "Ostravský koník 2014 - FIDE Open veteránù"]
[Site "Ostrava, CZE"]
[Date "2014.05.03"]
[Round "8"]
[White "spala, Jiri"]
[Black "Micka, Jaroslav"]
[Result "1/2-1/2"]
[WhiteElo "1000"]
[BlackElo "1837"]
[PlyCount "28"]

1. d4 d5 2. Nf3 c6 3. c4 e6 4. Nc3 Nf6 5. Bg5 Nbd7 6. e3 Bd6 7. Rc1 a6 8. Bd3
O-O 9. O-O dxc4 10. Bxc4 b5 11. Bd3 Bb7 12. Ne4 Be7 13. Qc2 h6 14. Bh4 Nd5
1/2-1/2

[Event "Ostravský koník 2014 - FIDE Open veteránù"]
[Site "Ostrava, CZE"]
[Date "2014.05.03"]
[Round "8"]
[White "Vlcek, Antonin"]
[Black "Folta, Frantisek"]
[Result "0-1"]
[WhiteElo "1835"]
[BlackElo "1812"]
[PlyCount "53"]

1. e4 c5 2. Nf3 d6 3. d4 cxd4 4. Nxd4 Nf6 5. Nc3 g6 6. Be3 Bg7 7. Be2 O-O 8.
Qd2 Nc6 9. f3 Bd7 10. O-O a6 11. a4 Rc8 12. Nxc6 Rxc6 13. a5 Be6 14. Nd5 Bxd5
15. exd5 Rc8 16. Ra4 e6 17. c4 exd5 18. cxd5 Nd7 19. f4 Nc5 20. Rc4 Re8 21. Rf3
b5 22. axb6 Qxb6 23. b4 Nb3 24. Rxc8 Rxc8 25. Bxb6 Nxd2 26. Ra3 Rb8 27. Rxa6
0-1

[Event "Ostravský koník 2014 - FIDE Open veteránù"]
[Site "Ostrava, CZE"]
[Date "2014.05.03"]
[Round "8"]
[White "Kanovsky, Jan"]
[Black "Biza, Miroslav"]
[Result "0-1"]
[WhiteElo "1728"]
[BlackElo "1928"]
[PlyCount "102"]

1. e4 Nf6 2. e5 Nd5 3. d4 d6 4. Nf3 Nb6 5. Bd3 Bg4 6. h3 Bh5 7. g4 Bg6 8. c3 e6
9. Bg5 Be7 10. Bxe7 Qxe7 11. Na3 Bxd3 12. Qxd3 Nc6 13. exd6 cxd6 14. O-O-O d5
15. Rde1 a6 16. h4 Qf6 17. Qe3 O-O-O 18. Rh3 h5 19. g5 Qe7 20. Ne5 Nxe5 21.
Qxe5 Rhg8 22. Rf3 g6 23. Kb1 Rgf8 24. Re2 Qc7 25. Qxc7+ Kxc7 26. b3 Nc8 27. Kb2
Nd6 28. Nb1 Nf5 29. Rf4 Kd6 30. Nd2 f6 31. gxf6 Rxf6 32. Nf3 Rdf8 33. Kc1 Ne7
34. Rxf6 Rxf6 35. Ng5 Nc6 36. Kd2 e5 37. Ke3 exd4+ 38. cxd4 Ne7 39. Nf3 Nf5+
40. Kd3 Ng3 41. Re3 Nf1 42. Ke2 Nxe3 43. fxe3 Ke6 44. Ne5 Kf5 45. Kd3 Re6 46.
Nd7 Re7 47. Nb6 Ke6 48. e4 dxe4+ 49. Kxe4 Kd6+ 50. Kd3 Re1 51. d5 Rh1 0-1

[Event "Ostravský koník 2014 - FIDE Open veteránù"]
[Site "Ostrava, CZE"]
[Date "2014.05.03"]
[Round "8"]
[White "Pisa, Lubomir"]
[Black "Rechtenberg, Karel"]
[Result "1/2-1/2"]
[WhiteElo "1557"]
[BlackElo "1903"]
[PlyCount "135"]

1. d4 Nf6 2. c4 g6 3. Nc3 d5 4. e3 Bg7 5. Nf3 O-O 6. Be2 dxc4 7. Bxc4 c5 8. O-O
cxd4 9. exd4 e6 10. h3 a6 11. Be3 b5 12. Bb3 Bb7 13. Ne5 Nd5 14. Bxd5 Bxd5 15.
Nxd5 Qxd5 16. Qf3 Qxf3 17. Nxf3 Nc6 18. Rfd1 Rfd8 19. Rac1 Nb4 20. a3 Nd5 21.
Ne5 Rd6 22. Rc6 Rad8 23. Rxd6 Rxd6 24. Rc1 Bxe5 25. dxe5 Rd8 26. Bg5 Ra8 27.
Rc5 Kg7 28. Bd2 h6 29. f4 Ra7 30. g3 Rc7 31. Rxc7 Nxc7 32. Kf2 Kf8 33. Kf3 h5
34. g4 hxg4+ 35. hxg4 Nd5 36. Ke4 Ke7 37. f5 Kd7 38. fxg6 fxg6 39. Kd4 Kc6 40.
b4 Nb6 41. Bc1 Na4 42. g5 Kb6 43. Be3 Kc6 44. Bc1 Nb6 45. Be3 Na4 46. Bc1 Kb6
47. Be3 Kc7 48. Bc1 Nb6 49. Bf4 Nc4 50. Bc1 Kc6 51. Ke4 a5 52. Kd4 axb4 53.
axb4 Nb6 54. Bd2 Nd5 55. Ke4 Ne7 56. Be1 Nf5 57. Bf2 Kd7 58. Be1 Ne7 59. Kd4
Kc6 60. Ke4 Kb7 61. Bf2 Nc6 62. Be1 Nd8 63. Bd2 Nc6 64. Be1 Na7 65. Kd4 Kc6 66.
Bd2 Nc8 67. Be1 Nb6 68. Bd2 1/2-1/2

[Event "Ostravský koník 2014 - FIDE Open veteránù"]
[Site "Ostrava, CZE"]
[Date "2014.05.03"]
[Round "8"]
[White "Plesnik, Miroslav"]
[Black "Tretina, Zdenek"]
[Result "1-0"]
[WhiteElo "1877"]
[BlackElo "1740"]
[PlyCount "71"]

1. d4 d5 2. Nf3 Nf6 3. c4 e6 4. Nc3 Nbd7 5. Bg5 c6 6. e3 Qa5 7. Bxf6 Nxf6 8.
Bd3 dxc4 9. Bxc4 Ne4 10. Qb3 Bb4 11. Rc1 O-O 12. O-O Nxc3 13. bxc3 Be7 14. Bd3
Qa3 15. Qb1 g6 16. h4 Bf6 17. h5 Bg7 18. hxg6 fxg6 19. Bc4 b6 20. Qe4 Qd6 21.
Ng5 Re8 22. Qh4 h6 23. Ne4 Qe7 24. Qg3 Kh7 25. Bd3 Rf8 26. f4 a5 27. Nd2 Qf7
28. Nf3 Ba6 29. c4 b5 30. Nh4 Kg8 31. Nxg6 Rfc8 32. Ne5 Qe8 33. f5 exf5 34.
Bxf5 Rc7 35. Ng4 Re7 36. Nf6+ 1-0

[Event "Ostravský koník 2014 - FIDE Open veteránù"]
[Site "Ostrava, CZE"]
[Date "2014.05.03"]
[Round "8"]
[White "Doskar, Miloslav"]
[Black "Jancalek, Jan"]
[Result "1-0"]
[WhiteElo "1703"]
[BlackElo "1783"]
[PlyCount "97"]

1. d4 Nf6 2. c4 e6 3. Nc3 g6 4. Nf3 Bg7 5. e4 d6 6. Be2 O-O 7. O-O Nbd7 8. h3
e5 9. Be3 exd4 10. Nxd4 Re8 11. f3 Nh5 12. Qd2 Ng3 13. Rfd1 Nxe2+ 14. Ndxe2 a6
15. Bh6 Nf8 16. Bxg7 Kxg7 17. Nd5 Be6 18. Qc3+ f6 19. c5 Bxd5 20. Rxd5 Qe7 21.
cxd6 cxd6 22. Qd2 Red8 23. Rc1 Rd7 24. Ng3 Rad8 25. f4 Ne6 26. h4 Nc7 27. Rd3
d5 28. Rd1 Kg8 29. h5 d4 30. hxg6 hxg6 31. Qe2 Qe8 32. Qg4 Rg7 33. Rxd4 Rxd4
34. Rxd4 Ne6 35. Rd6 f5 36. Qd1 fxe4 37. Qd5 Re7 38. Nxe4 Qf7 39. g3 Nc7 40.
Rd8+ Ne8 41. Rxe8+ Rxe8 42. Qxf7+ Kxf7 43. Nd6+ Ke7 44. Nxe8 Kxe8 45. Kf2 Ke7
46. Ke3 Ke6 47. Ke4 Kd6 48. g4 b5 49. f5 1-0

[Event "Ostravský koník 2014 - FIDE Open veteránù"]
[Site "Ostrava, CZE"]
[Date "2014.05.03"]
[Round "8"]
[White "Trojek, Miroslav"]
[Black "Divis, Jan"]
[Result "1-0"]
[WhiteElo "1901"]
[BlackElo "1727"]
[PlyCount "36"]

1. e4 d5 2. exd5 Qxd5 3. Nc3 Qa5 4. d4 Nf6 5. Nf3 c6 6. Bc4 Bg4 7. h3 Bxf3 8.
Qxf3 e6 9. Bb3 Nbd7 10. Bd2 Qc7 11. O-O Bd6 12. Ne2 O-O 13. c3 Rfe8 14. Qd3
Rad8 15. Qc2 h6 16. Be3 Nd5 17. Bxd5 exd5 18. Kh1 Re6 {necitelné} 1-0

[Event "Ostravský koník 2014 - FIDE Open veteránù"]
[Site "Ostrava, CZE"]
[Date "2014.05.03"]
[Round "8"]
[White "Chlevistan, Jaromir"]
[Black "Koudelka, Milos"]
[Result "0-1"]
[WhiteElo "1581"]
[BlackElo "1758"]
[PlyCount "82"]

1. d4 Nf6 2. c4 e6 3. a3 d5 4. Bg5 Be7 5. e3 Nbd7 6. Bxf6 Nxf6 7. Nc3 c6 8. Nf3
O-O 9. Bd3 dxc4 10. Bxc4 b5 11. Bd3 a6 12. O-O Bb7 13. Ne4 c5 14. Nxf6+ Bxf6
15. Be2 c4 16. Qc2 Qd5 17. Rad1 Rac8 18. Ne1 g6 19. Bf3 Qd7 20. Bxb7 Qxb7 21.
Nf3 Rfd8 22. Rfe1 a5 23. e4 Qb6 24. e5 Bg7 25. Re4 b4 26. axb4 axb4 27. Ng5 Rc7
28. Rh4 c3 29. bxc3 Rxc3 30. Qb2 Bxe5 31. Ne4 Rc4 32. Nc5 Qxc5 33. g3 Bxd4 34.
Qe2 Bxf2+ 35. Kg2 Bd4 36. Rd2 Rd5 37. Ra2 Qc6 38. Qd2 Rh5+ 39. Kh3 Rxh4+ 40.
gxh4 Rc3+ 41. Kg4 Qf3+ 0-1

[Event "Ostravský koník 2014 - FIDE Open veteránù"]
[Site "Ostrava, CZE"]
[Date "2014.05.03"]
[Round "8"]
[White "Kosar st., Mikulas"]
[Black "Sudolsky, Jan"]
[Result "1/2-1/2"]
[WhiteElo "1731"]
[BlackElo "1546"]
[PlyCount "44"]

1. e4 e6 2. Nf3 d5 3. exd5 exd5 4. d4 Bg4 5. Be2 Bd6 6. h3 Bd7 7. O-O Ne7 8. c4
dxc4 9. Bxc4 c6 10. Nc3 O-O 11. a3 b5 12. Bb3 Bf5 13. Re1 Nd7 14. Ne4 Bxe4 15.
Rxe4 Nf6 16. Re1 h6 17. Qd3 Kh8 18. Be3 Ned5 19. Rac1 Nxe3 20. Rxe3 Bf4 21.
Rxc6 Bxe3 22. fxe3 Qe7 1/2-1/2

[Event "Ostravský koník 2014 - FIDE Open veteránù"]
[Site "Ostrava, CZE"]
[Date "2014.05.03"]
[Round "8"]
[White "Linart, Ludvik"]
[Black "Sumbera, Antonin"]
[Result "1/2-1/2"]
[WhiteElo "1609"]
[BlackElo "1671"]
[PlyCount "44"]

1. d4 d5 2. c4 e6 3. Nc3 Nf6 4. Bg5 Be7 5. Bxf6 Bxf6 6. e3 O-O 7. cxd5 exd5 8.
Nf3 Bg4 9. Be2 Bxf3 10. Bxf3 c6 11. O-O Nd7 12. Rc1 Be7 13. Rc2 Bd6 14. g3 Bb4
15. Ne2 Nf6 16. Qd3 Bd6 17. Rfc1 Re8 18. a3 Qd7 19. Kg2 h5 20. h3 g5 21. Rh1
Kg7 22. Nc3 Rh8 1/2-1/2

[Event "Ostravský koník 2014 - FIDE Open veteránù"]
[Site "Ostrava, CZE"]
[Date "2014.05.03"]
[Round "8"]
[White "Bebek, Ivan"]
[Black "Lavrisin, Jan"]
[Result "1-0"]
[WhiteElo "1375"]
[BlackElo "1620"]
[PlyCount "109"]

1. d4 Nf6 2. Nf3 g6 3. c4 Bg7 4. a3 O-O 5. Nc3 d6 6. Bg5 h6 7. Bxf6 Bxf6 8. e3
Be6 9. Be2 c6 10. O-O Bg7 11. Qc1 d5 12. cxd5 cxd5 13. Bd3 Nc6 14. Ne2 Rc8 15.
Qd2 Na5 16. Qd1 Qd7 17. Nf4 Bg4 18. h3 Bxf3 19. Qxf3 e6 20. Rab1 Rc7 21. b4 Nc4
22. Bxc4 Rxc4 23. Nd3 b6 24. h4 Rc3 25. Ne5 Qc7 26. Qg3 Bxe5 27. dxe5 Qe7 28.
f4 Rfc8 29. f5 exf5 30. Rxf5 Rxe3 31. Rxf7 Rxg3 32. Rxe7 Rxa3 33. Rf1 Rf8 34.
Rc1 Rf7 35. Rc8+ Kg7 36. Ree8 h5 37. Rg8+ Kh6 38. Rh8+ Rh7 39. Rhd8 Rd3 40. e6
Re3 41. Re8 d4 42. Rcd8 Re4 43. g3 g5 44. Rd6 gxh4 45. e7+ Kg5 46. Rg8+ Kf5 47.
Rd5+ Ke6 48. e8=Q+ Kxd5 49. Rg5+ Kd6 50. Qg6+ Re6 51. Qxh7 Re1+ 52. Kf2 Re6 53.
Qxh5 hxg3+ 54. Rxg3 Rf6+ 55. Kg2 1-0